Ivanhoe /
Muchos caballeros debían ocultar su rostro para lograr que prevaleciera la justicia en la Inglaterra medieval. Ivanhoe, el héroe que creó el escocés Walter Scott (1771-1832), es uno de ellos. Sus hazañas, y las de sus misteriosos acompañantes, son la trama de esta celebrada novela romántica.
Guardado en:
| Autor Principal: | |
|---|---|
| Otros Autores: | , |
| Formato: | Libro |
| Idioma: | Undetermined |
| Publicado: |
Barcelona :
Arte Gráfico,
2000.
|
| Series: | Grandes clásicos - Genios ;
30 |
| Materias: | |
| Etiquetas: |
Agregar Etiqueta
Sin Etiquetas, Sea el primero en etiquetar este registro!
|
| LEADER | 01075nam a22002295a 4500 | ||
|---|---|---|---|
| 001 | CEM.cems021050 | ||
| 008 | 240419s2000####sp############000#0#und#d | ||
| 005 | 20240422153625.0 | ||
| 245 | 1 | 0 | |a Ivanhoe / |c Walter Scott ; ilustrado por Juan Bobillo ; adaptado por Claudia Hartfiel. |
| 260 | |a Barcelona : |b Arte Gráfico, |c 2000. | ||
| 300 | |a 46 p. | ||
| 490 | 1 | |a Grandes clásicos - Genios ; |v 30 | |
| 520 | |a Muchos caballeros debían ocultar su rostro para lograr que prevaleciera la justicia en la Inglaterra medieval. Ivanhoe, el héroe que creó el escocés Walter Scott (1771-1832), es uno de ellos. Sus hazañas, y las de sus misteriosos acompañantes, son la trama de esta celebrada novela romántica. | ||
| 020 | |a 9507820930 | ||
| 100 | 1 | |a Scott, Walter. | |
| 700 | 1 | |a Bobillo, Juan; il. | |
| 700 | 1 | |a Hartfiel, Claudia; adapt. | |
| 653 | |a Novela juvenil | ||
| 653 | |a Literatura juvenil | ||
| 653 | |a Literatura inglesa | ||
| 859 | |a CEMS |b BIB. CEMS - Inicial y Primaria |h 823.7 |i Sc86 |k IP |p 2171 |t Ej.1 | ||
| 859 | |a CEMS |b BIB. CEMS - Inicial y Primaria |h 823.7 |i Sc86 |k IP |p 2172 |t Ej.2 | ||
